| 000 | 00489 a2200157 4500 | ||
|---|---|---|---|
| 003 | NUST | ||
| 005 | 20221208140102.0 | ||
| 040 | _cNust | ||
| 082 | _a297.3,ALJ | ||
| 100 |
_aAl-Jazairy, Abu Bakar Jabir _9104486 |
||
| 245 |
_aMinhaj Al-Muslim (Volume-1) / _cAbu Bakr Jabir Al-Jazairy |
||
| 260 |
_aRiyadh _bDarussalam _c2001 |
||
| 300 | _aXVIII: 496 p.; | ||
| 505 | _aCreed (Page-19), Etiquette (Page-145), Character (Page-287), Acts Of Worship (Page-363). | ||
| 942 |
_2ddc _cBK _k297.3,ALJ |
||
| 999 |
_c193771 _d193771 |
||